书目信息 |
| 题名: |
学习鲁迅革命到底
|
|
| 作者: | ;上海人民出版社 编辑 | |
| 分册: | ||
| 出版信息: | 上海 上海人民出版社 1972 |
|
| 页数: | 227页 | |
| 开本: | 20cm | |
| 丛书名: | ||
| 单 册: | ||
| 中图分类: | I210.96 | |
| 科图分类: | 26.12677 | |
| 主题词: | 学习鲁迅 | |
| 电子资源: | ||
| ISBN: | 10.2.181 | |
| 000 | 00681nam0 2200241 450 | |
| 001 | 000525442 | |
| 005 | 20120719235245.0 | |
| 010 | @a10.2.181@dCNY0.37 | |
| 091 | @a10.2.181@dCNY0.45 | |
| 100 | @a20120720d1972 em y0chiy0120 ea | |
| 101 | 0 | @achi |
| 102 | @aCN@b310000 | |
| 105 | @ay z 000yy | |
| 106 | @ar | |
| 200 | 1 | @a学习鲁迅革命到底@9Xue Xi Lu Xun Ge;Ji Ming Dao Di;De @f上海人民出版社编辑 |
| 210 | @a上海@c上海人民出版社@d1972 | |
| 215 | @a227页@d20cm | |
| 606 | 0 | @a学习鲁迅 |
| 690 | @aI210.96@v3 | |
| 692 | @a26.12677 | |
| 711 | 02 | @a上海人民出版社@9Shanghai ren min chu ban she@4编辑 |
| 801 | 0 | @aCN@bAzMarc@c20130904 |
| 905 | @aBZT@dI210.96@e2@f1@sI210.96/2 | |
| 学习鲁迅革命到底/上海人民出版社编辑.-上海:上海人民出版社,1972 |
| 227页;20cm |
| ISBN 10.2.181:CNY0.37 |
| ● |
| 相关链接 |
|
|
|
正题名:学习鲁迅革命到底
索取号:I210.96/2
 
预约/预借
| 序号 | 登录号 | 条形码 | 馆藏地/架位号 | 状态 | 备注 |
| 1 | 2000125742 | 2000125742 | 旧书回溯/ [索取号:I210.96/2] | 在馆 |